000 00453nam a2200145 4500
001 138052
003 ES-MaACL
005 20230906195508.0
007 t|
008 070214s1905 sp r ||||1| spa d
100 1 _aSánchez Martín, Julián.
_9102760
245 1 0 _aReconocimiento de las inmpurezas del alcohol
_b: tesis doctoral /
_cJulián Sánchez Martín.
260 _aSalamanca :
_b[s. n.],
_c1905 (
_fA. Iglesias)
852 _aES-MaACL
_jT-1043-F-5
999 _c138052
_d138052